000 00668nam a2200205 a 4500
001 000042805
005 20201002040417.0
008 140210s2000 sp ac 000 0 spa d
020 _a8484490106
040 _aDO-SdBNP
_bspa
_cBNPHU
082 _axxx
_bB974S
100 1 _aSánchez Navarro, Jordi
_d1969-
_970150
245 1 0 _aTim Burton :
_bcuentos en sombras /
_cJordi Sánchez-Navarro.
260 _a[Barcelona] :
_bGlénat,
_c2000.
300 _a545 P. :
_bil., retrs. ;
_c24 cm.
490 1 _aWidescreen
_v4
500 _aIncluye referencias bibliográficas y notas al pie de las páginas.
504 _aBibliografía: p. 537-545
830 0 _aWidescreen
_n4
_970151
999 _c42294
_d42294